[Event "Zt"]
[Site "masterchessopen.com Hilversum (Netherlands)"]
[Round "0"]
[White "Pachman Ludek (GER)"]
[Black "Van Scheltinga Theo D (NED)"]
[Result "1-0"]
[WhiteElo "2278"]
[BlackElo "2325"]

1.d4 d5 2.c4 e6 3.Nc3 c6 4.Nf3 Nf6 5.Bg5 dxc4 6.e4 b5 7.e5 h6 8.Bh4 g5 9.exf6
gxh4 10.Ne5 Qxf6 11.g3 Nd7 12.f4 hxg3 13.hxg3 Nxe5 14.dxe5 Qg6 15.Qf3 Bd7
16.O-O-O Rd8 17.Bg2 Bc5 18.Ne4 Be7 19.g4 Rg8 20.Bh3 Bc8 21.f5 exf5 22.gxf5 Qh7
23.Nf6+ Bxf6 24.exf6 {#r} 1-0

[Event "Tournament"]
[Site "masterchessopen.com Riga (Latvia)"]
[Round "0"]
[White "Kholmov Ratmir D (RUS)"]
[Black "Tal Mikhail N (LAT)"]
[Result "0-1"]
[WhiteElo "2432"]
[BlackElo "2520"]

1.c4 e6 2.Nc3 d5 3.d4 c6 4.Nf3 Nf6 5.Bg5 dxc4 6.e4 b5 7.e5 h6 8.Bxf6 gxf6
9.exf6 Bb4 10.Be2 Qxf6 11.O-O Bxc3 12.bxc3 Nd7 13.a4 Bb7 14.Ne5 Nxe5 15.dxe5
Qxe5 16.Bf3 Rd8 17.Qc2 Rd3 18.axb5 Rxf3 19.Rxa7 Qxb5 20.gxf3 Qg5+ 21.Kh1 Rg8
{#R} 0-1

[Event "Ch Hungary"]
[Site "masterchessopen.com Budapest (Hungary)"]
[Round "0"]
[White "Molnar Istvan (HUN)"]
[Black "Szily Jozsef (HUN)"]
[Result "0-1"]
[WhiteElo "2180"]
[BlackElo "2390"]

1.d4 d5 2.Nf3 Nf6 3.c4 e6 4.Nc3 c6 5.Bg5 dxc4 6.e3 b5 7.a4 Bb4 8.Nd2 Bb7 9.Qf3
a6 10.axb5 axb5 11.Rb1 Nbd7 12.Be2 h6 13.Bf4 Nd5 14.Nde4 N7f6 15.O-O Nxf4
16.Qxf4 Nd5 17.Qe5 O-O 18.Nc5 Bxc3 19.Nxb7 Qb8 20.e4 Qxe5 21.dxe5 Nf4 22.Bxc4
Bxe5 23.Bb3 Rfb8 24.Nc5 Bd4 25.Nd7 Rd8 26.g3 Ng6 {#R} 0-1

[Event "Ch Argentina"]
[Site "masterchessopen.com Buenos Aires (Argentina)"]
[Round "17"]
[White "Foguelman Alberto (ARG)"]
[Black "Casas Fernando (ARG)"]
[Result "1-0"]
[WhiteElo "2310"]
[BlackElo "2245"]

1.d4 d5 2.c4 e6 3.Nf3 Nf6 4.Nc3 c6 5.Bg5 dxc4 6.a4 Bb4 7.e4 h6 8.Bxf6 Qxf6
9.Bxc4 Nd7 10.O-O e5 11.Nxe5 Nxe5 12.dxe5 Qxe5 13.Qb3 Bd6 14.Bxf7+ Ke7 15.f4
Qc5+ 16.Kh1 Rf8 17.e5 Rxf7 18.Ne4 Qd4 19.Nxd6 Rf8 20.Rad1 Qb6 21.Qg3 Rg8
22.Qh4+ {#r} 1-0

[Event "Ch \"]
[Site "masterchessopen.com Moscow (Russia)"]
[Round "0"]
[White "Zaitsev Igor A (RUS)"]
[Black "Ljavdansky Vladimir (RUS)"]
[Result "0-1"]
[WhiteElo "2408"]
[BlackElo "2299"]

1.d4 d5 2.Nf3 Nf6 3.c4 c6 4.Nc3 e6 5.Bg5 dxc4 6.e4 b5 7.e5 h6 8.Bh4 g5 9.Nxg5
Nd5 10.Nxf7 Qxh4 11.Nxh8 Bb4 12.Qd2 c5 13.dxc5 Nc6 14.Be2 Nxe5 15.O-O Bb7
16.Bh5+ Qxh5 17.Nxd5 Bxd5 {#R} 0-1

[Event "It"]
[Site "masterchessopen.com Sarajevo (Bosnia & Herzegovina)"]
[Round "8"]
[White "Tan Lian-Ann (SIN)"]
[Black "Ciric Dragoljub M (SRB)"]
[Result "0-1"]
[WhiteElo "2224"]
[BlackElo "2276"]

1.d4 d5 2.c4 e6 3.Nc3 c6 4.Nf3 Nf6 5.Bg5 dxc4 6.Ne5 b5 7.a4 Bb4 8.f3 h6 9.Bxf6
gxf6 10.Ng4 f5 11.Ne5 Bb7 12.e3 Rg8 13.f4 Nd7 14.Nxd7 Qxd7 15.Kf2 a6 16.Rg1
Rd8 17.Qh5 c5 18.Rd1 Qc7 19.dxc5 Bxc5 20.Rxd8+ Qxd8 21.Nd1 Rg4 22.Be2 Rh4 {#R}
0-1

[Event "?"]
[Site "masterchessopen.com Debrecen (Hungary)"]
[Round "0"]
[White "Kovacs-Pinter Marta (HUN)"]
[Black "Fuchs Reinhard (GER)"]
[Result "0-1"]
[WhiteElo "2152"]
[BlackElo "2389"]

1.d4 d5 2.c4 c6 3.Nf3 Nf6 4.Nc3 e6 5.Bg5 dxc4 6.e4 b5 7.e5 h6 8.Bh4 g5 9.Nxg5
hxg5 10.Bxg5 Nbd7 11.exf6 Bb7 12.Be2 Qb6 13.O-O O-O-O 14.a4 b4 15.Ne4 c5
16.Nd2 Qc7 17.f4 cxd4 18.Nxc4 d3 19.Qxd3 Bc5+ 20.Kh1 Nxf6 21.Qb3 Rdg8 22.h3
Ne4 23.Rf3 f6 {#R} 0-1

[Event "It"]
[Site "masterchessopen.com Slupsk (Poland)"]
[Round "4"]
[White "Schmidt Wlodzimierz (POL)"]
[Black "Dobosz Henryk (POL)"]
[Result "0-1"]
[WhiteElo "2505"]
[BlackElo "2409"]

1.d4 d5 2.c4 c6 3.Nf3 Nf6 4.Nc3 e6 5.Bg5 dxc4 6.e4 b5 7.e5 h6 8.Bh4 g5 9.Nxg5
hxg5 10.Bxg5 Nbd7 11.g3 Qb6 12.exf6 Bb7 13.Bg2 c5 14.d5 O-O-O 15.O-O b4 16.Na4
Qb5 17.dxe6 Bxg2 18.e7 Bxf1 19.Qd5 Re8 20.Rxf1 Bh6 21.Rd1 Qxa4 22.Bxh6 Rxh6
23.Qa8+ Kc7 {#R} 0-1

[Event "Tournament (juniors)"]
[Site "masterchessopen.com Sochi (Russia)"]
[Round "0"]
[White "Majorovas Vitalijus (LTU)"]
[Black "Imanaliev T (KGZ)"]
[Result "1-0"]
[WhiteElo "2435"]
[BlackElo "2355"]

1.c4 e6 2.Nc3 d5 3.d4 c6 4.Nf3 Nf6 5.Bg5 dxc4 6.e4 b5 7.e5 h6 8.Bh4 g5 9.Nxg5
hxg5 10.Bxg5 Nbd7 11.exf6 Bb7 12.g3 Qb6 13.Bg2 O-O-O 14.O-O b4 15.Ne4 c5
16.Rc1 Ne5 17.dxc5 Bxc5 18.Qe2 Qc6 19.Bf4 Nd3 20.Nd6+ Kb8 21.Bxc6 Bxc6 22.Qxd3
{#r} 1-0

[Event "It"]
[Site "masterchessopen.com Amsterdam (Netherlands)"]
[Round "0"]
[White "Jussupow Artur (GER)"]
[Black "Kuijf Marinus (NED)"]
[Result "1-0"]
[WhiteElo "2555"]
[BlackElo "2370"]

1.d4 d5 2.c4 e6 3.Nf3 Nf6 4.Nc3 c6 5.Bg5 dxc4 6.e4 b5 7.e5 h6 8.Bh4 g5 9.Nxg5
hxg5 10.Bxg5 Nbd7 11.exf6 Bh6 12.Bxh6 Rxh6 13.g3 Bb7 14.Bg2 Qc7 15.Qd2 Rxf6
16.a4 O-O-O 17.O-O Nc5 18.axb5 Nb3 19.Qe2 Nxd4 20.Qxc4 Kb8 21.Qc5 cxb5
22.Qxa7+ Kc8 23.Bxb7+ Qxb7 24.Qa8+ Kc7 25.Nxb5+ {#r} 1-0

[Event "It"]
[Site "masterchessopen.com Moscow (Russia)"]
[Round "0"]
[White "Anikaev Yuri N (RUS)"]
[Black "Westerinen Heikki M J (FIN)"]
[Result "1-0"]
[WhiteElo "2450"]
[BlackElo "2410"]

1.d4 d5 2.c4 e6 3.Nc3 c6 4.Nf3 Nf6 5.Bg5 dxc4 6.e4 b5 7.e5 h6 8.Bh4 g5 9.Nxg5
hxg5 10.Bxg5 Nbd7 11.g3 Qb6 12.exf6 Bb7 13.Bg2 c5 14.d5 O-O-O 15.O-O b4 16.Na4
Qb5 17.a3 exd5 18.Re1 d4 19.axb4 cxb4 20.Qxd4 Bxg2 21.Kxg2 Qxg5 22.Qxc4+ Kb8
23.Rac1 Bd6 24.Qc6 Nxf6 25.Nb6 {#r} 1-0

[Event "It (cat.8)"]
[Site "masterchessopen.com Bayamo (Cuba)"]
[Round "0"]
[White "Garcia Gonzales Guillermo (CUB)"]
[Black "Diaz Joaquin C (CUB)"]
[Result "1-0"]
[WhiteElo "2470"]
[BlackElo "2405"]

1.d4 d5 2.c4 e6 3.Nf3 Nf6 4.Nc3 c6 5.Bg5 dxc4 6.e4 b5 7.e5 h6 8.Bh4 g5 9.Nxg5
Nd5 10.Nf3 Qa5 11.Rc1 Bb4 12.Qd2 c5 13.Be2 Bb7 14.O-O Nd7 15.Rfd1 N7b6 16.dxc5
Na4 17.Bf6 Bxc3 18.bxc3 Rg8 19.c6 Bxc6 20.Nd4 Bb7 21.Bf3 Naxc3 22.Nf5 exf5
23.Bxd5 Bxd5 24.Rxc3 Rxg2+ 25.Kf1 b4 26.Rc2 {#r} 1-0

[Event "?"]
[Site "masterchessopen.com URS"]
[Round "0"]
[White "Yermolinsky Alex (USA)"]
[Black "Yuneev Alexey (RUS)"]
[Result "1-0"]
[WhiteElo "2420"]
[BlackElo "2425"]

1.d4 Nf6 2.c4 e6 3.Nf3 d5 4.Nc3 c6 5.Bg5 dxc4 6.e4 b5 7.e5 h6 8.Bh4 g5 9.Nxg5
hxg5 10.Bxg5 Nbd7 11.exf6 Bb7 12.g3 c5 13.d5 Ne5 14.Bg2 Bh6 15.Qh5 b4 16.O-O
bxc3 17.Rae1 Qd6 18.Bxh6 cxb2 19.dxe6 Bxg2 20.Rxe5 O-O-O 21.Kxg2 Rxh6 22.Rxc5+
Kb8 23.Rb5+ Kc7 24.Qxf7+ {#r} 1-0

[Event "Europe Tournament (corr.)"]
[Site "masterchessopen.com corr."]
[Round "0"]
[White "Sieber Heiko (GER)"]
[Black "Kazoks Aivars (LAT)"]
[Result "0-1"]
[WhiteElo "2041"]
[BlackElo "2234"]

1.d4 d5 2.c4 e6 3.Nf3 c6 4.Nc3 Nf6 5.Bg5 dxc4 6.e4 b5 7.e5 h6 8.Bh4 g5 9.Nxg5
hxg5 10.Bxg5 Nbd7 11.Qf3 Bb7 12.exf6 Qa5 13.Bd2 Bh6 14.O-O-O Bxd2+ 15.Rxd2 Nb6
16.Ne4 O-O-O 17.Qa3 Qxa3 18.bxa3 Rh6 19.f3 Nd5 20.a4 Nxf6 21.Nxf6 Rxf6 22.axb5
cxb5 23.a4 c3 24.Rd1 b4 25.Kc2 Rf4 {#R} 0-1

[Event "It (w)"]
[Site "masterchessopen.com Naleczow (Poland)"]
[Round "12"]
[White "Fatalibekova Elena (RUS)"]
[Black "Kaczorowska Barbara (POL)"]
[Result "1-0"]
[WhiteElo "2285"]
[BlackElo "2150"]

1.d4 d5 2.c4 c6 3.Nf3 Nf6 4.Nc3 e6 5.Bg5 dxc4 6.e4 b5 7.a4 Qb6 8.Bxf6 gxf6
9.Be2 Bb7 10.O-O Na6 11.axb5 cxb5 12.d5 O-O-O 13.b3 Bb4 14.Qc2 Bxc3 15.Qxc3
exd5 16.exd5 Bxd5 17.bxc4 b4 18.Qc2 Bxf3 19.Bxf3 Nc5 20.Qf5+ Kb8 21.Rfe1 Nd3
22.Re7 Qxf2+ 23.Kh1 {#r} 1-0

[Event "It (open)"]
[Site "masterchessopen.com Sevilla (Spain)"]
[Round "0"]
[White "Giorgadze Tamaz (GEO)"]
[Black "Landero Luna Vicente (ESP)"]
[Result "1-0"]
[WhiteElo "2505"]
[BlackElo "2086"]

1.d4 d5 2.c4 c6 3.Nf3 Nf6 4.Nc3 e6 5.Bg5 dxc4 6.e4 b5 7.e5 h6 8.Bh4 g5 9.Nxg5
hxg5 10.Bxg5 Be7 11.exf6 Bxf6 12.Be3 Bg5 13.g3 Bb7 14.Bg2 Bxe3 15.fxe3 Qc7
16.Qf3 a6 17.O-O Rf8 18.a4 b4 19.Ne4 Nd7 20.Rfc1 O-O-O 21.Rxc4 a5 22.Nc5 {#r}
1-0

[Event "Tournament (team)"]
[Site "masterchessopen.com Andropov (Russia)"]
[Round "0"]
[White "Zakharevich Igor (RUS)"]
[Black "Sabjanov Rifat (RUS)"]
[Result "1-0"]
[WhiteElo "2447"]
[BlackElo "2379"]

1.d4 d5 2.c4 e6 3.Nc3 c6 4.Nf3 Nf6 5.Bg5 dxc4 6.e4 b5 7.a4 Bb4 8.e5 h6 9.exf6
hxg5 10.fxg7 Rg8 11.h4 g4 12.Ne5 f5 13.g3 Bb7 14.Bg2 Qc7 15.O-O Bxc3 16.bxc3
Rxg7 17.Re1 Nd7 18.Nxc6 Qd6 19.d5 e5 20.Qd4 Re7 21.Nxe7 Kxe7 22.axb5 Kf7
23.Qxc4 {#r} 1-0

[Event "?"]
[Site "masterchessopen.com Bor (Yugoslavia)"]
[Round "0"]
[White "Eingorn Vereslav S (UKR)"]
[Black "Ivanovic Bozidar (MNE)"]
[Result "0-1"]
[WhiteElo "2570"]
[BlackElo "2485"]

1.d4 d5 2.c4 c6 3.Nf3 Nf6 4.Nc3 e6 5.Bg5 dxc4 6.e4 b5 7.e5 h6 8.Bh4 g5 9.Nxg5
hxg5 10.Bxg5 Be7 11.exf6 Bxf6 12.Bxf6 Qxf6 13.g3 Na6 14.Bg2 Bb7 15.a4 O-O-O
16.axb5 cxb5 17.Bxb7+ Kxb7 18.Nxb5 e5 19.d5 Nb4 20.O-O Qh6 {#R} 0-1

[Event "It \"]
[Site "masterchessopen.com Brussels (Belgium)"]
[Round "0"]
[White "Defize Alain (BEL)"]
[Black "Iclicki Willy (MNC)"]
[Result "1-0"]
[WhiteElo "2380"]
[BlackElo "2044"]

1.Nf3 d5 2.c4 c6 3.d4 Nf6 4.Nc3 e6 5.Bg5 dxc4 6.e4 b5 7.e5 h6 8.Bh4 g5 9.exf6
gxh4 10.Ne5 Qxf6 11.a4 Bb4 12.Be2 Bb7 13.Bf3 Qe7 14.O-O Bxc3 15.bxc3 a6
16.axb5 cxb5 17.d5 exd5 18.Bxd5 Bxd5 19.Qxd5 Ra7 20.Ng6 fxg6 21.Rfe1 Rf8
22.Re6 Rd7 23.Qe4 g5 24.Qg6+ Kd8 25.Rxe7 Rxe7 26.Qb6+ Kc8 {#r} 1-0

[Event "It (cat.7)"]
[Site "masterchessopen.com Budapest (Hungary)"]
[Round "6"]
[White "Lukacs Peter (HUN)"]
[Black "Nemeth Zoltan (HUN)"]
[Result "1-0"]
[WhiteElo "2435"]
[BlackElo "2328"]

1.d4 d5 2.Nf3 Nf6 3.c4 c6 4.Nc3 e6 5.Bg5 dxc4 6.e4 b5 7.a4 Bb7 8.e5 h6 9.Bh4
g5 10.exf6 gxh4 11.Ne5 Qxf6 12.Be2 Bd6 13.Ne4 Bb4+ 14.Kf1 Qg7 15.Bf3 O-O
16.axb5 f6 17.Nxc4 cxb5 18.Ncd6 Bd5 19.Nc5 Rd8 20.Bxd5 exd5 21.Ne6 Qd7 22.Qg4+
Kh8 23.Qg6 {#r} 1-0

[Event "Cup Baltic (corr.)"]
[Site "masterchessopen.com corr."]
[Round "0"]
[White "Halme Olavi"]
[Black "Shevchenko Vitaly (RUS)"]
[Result "1-0"]
[WhiteElo "2200"]
[BlackElo "2118"]

1.d4 Nf6 2.c4 e6 3.Nc3 d5 4.Nf3 c6 5.Bg5 dxc4 6.a4 Bb4 7.e3 b5 8.Nd2 h6 9.Bxf6
Qxf6 10.Nde4 Qe7 11.Qc2 e5 12.O-O-O exd4 13.Rxd4 a6 14.Na2 O-O 15.Nxb4 Qxb4
16.Nd6 Be6 17.f4 Qe1+ 18.Qd1 Qxe3+ 19.Kb1 {#r} 1-0

[Event "corr."]
[Site "masterchessopen.com Germany"]
[Round "0"]
[White "Kuehne Werner"]
[Black "Schmidt Thomas (GER)"]
[Result "1-0"]
[WhiteElo "1812"]
[BlackElo "2018"]

1.Nf3 d5 2.d4 Nf6 3.c4 c6 4.Nc3 e6 5.Bg5 dxc4 6.e4 b5 7.e5 h6 8.Bh4 g5 9.Nxg5
hxg5 10.Bxg5 Nbd7 11.exf6 Bb7 12.g3 c5 13.d5 Nb6 14.dxe6 Bxh1 15.e7 Qd7
16.exf8=Q+ Rxf8 17.Qe2+ Qe6 18.Nxb5 Qxe2+ 19.Kxe2 {#r} 1-0

[Event "It (open)"]
[Site "masterchessopen.com Tallinn (Estonia)"]
[Round "6"]
[White "Kirilov Valentins (LAT)"]
[Black "Nei Iivo (EST)"]
[Result "0-1"]
[WhiteElo "2339"]
[BlackElo "2369"]

1.Nf3 d5 2.c4 e6 3.d4 c6 4.Nc3 Nf6 5.Bg5 dxc4 6.e4 b5 7.e5 h6 8.Bh4 g5 9.Nxg5
hxg5 10.Bxg5 Be7 11.Bxf6 Bxf6 12.exf6 Qxf6 13.g3 Na6 14.Bg2 Bb7 15.a4 O-O-O
16.axb5 cxb5 17.Bxb7+ Kxb7 18.Nxb5 e5 19.d5 Nc5 20.Rxa7+ Kb6 21.Qd2 Nd3+
22.Kd1 Qf3+ 23.Kc2 Qxf2 {#R} 0-1

[Event "It \"]
[Site "masterchessopen.com Trnava (Slovakia)"]
[Round "0"]
[White "Lukacs Peter (HUN)"]
[Black "Raicevic Momcilo (MNE)"]
[Result "1-0"]
[WhiteElo "2435"]
[BlackElo "2379"]

1.d4 d5 2.c4 c6 3.Nc3 Nf6 4.Nf3 e6 5.Bg5 dxc4 6.e4 b5 7.a4 b4 8.Nb1 Be7 9.e5
Nd5 10.Bxe7 Qxe7 11.Bxc4 a5 12.O-O O-O 13.Nbd2 Ba6 14.Rc1 c5 15.dxc5 Bb7
16.Bb5 Rc8 17.Ne4 Ne3 18.Qd6 Qf8 19.Qxf8+ Kxf8 20.Nd6 {#r} 1-0

[Event "It \"]
[Site "masterchessopen.com Trnava (Slovakia)"]
[Round "10"]
[White "Cervenka Imrich (SVK)"]
[Black "Lukac Roman (SVK)"]
[Result "1-0"]
[WhiteElo "2190"]
[BlackElo "2165"]

1.d4 Nf6 2.Nf3 d5 3.c4 c6 4.Nc3 e6 5.Bg5 dxc4 6.e3 b5 7.Be2 Bb7 8.O-O Qb6 9.a4
Bb4 10.Qc2 a6 11.Rfd1 Nbd7 12.Ne5 O-O 13.Ne4 Nxe5 14.dxe5 Nd5 15.Bf6 h6 16.Bh5
Rfb8 17.Qe2 Bf8 18.Qg4 Ra7 19.a5 Qc7 20.Nd6 g6 21.Nxf7 Bg7 22.Qxg6 {#r} 1-0

[Event "Ch Asturias (team)"]
[Site "masterchessopen.com Asturias (Spain)"]
[Round "0"]
[White "Diaz Avilez Carlos (ECU)"]
[Black "Bernal Tinajero Julio (ESP)"]
[Result "0-1"]
[WhiteElo "2163"]
[BlackElo "2050"]

1.d4 d5 2.c4 e6 3.Nc3 Nf6 4.Bg5 c6 5.Nf3 dxc4 6.e4 b5 7.e5 h6 8.Bh4 g5 9.exf6
gxh4 10.Nxh4 Bb7 11.Qh5 Nd7 12.a4 Nxf6 13.Qd1 Bb4 14.Nf3 Nd5 15.Rc1 Qa5 16.Be2
Nxc3 17.bxc3 Bxc3+ 18.Kf1 O-O-O 19.Ne5 Rhf8 20.Bf3 Rxd4 21.Qc2 b4 22.Nxc6 Bxc6
23.Bxc6 Qc5 24.Bf3 Rd2 {#R} 0-1

[Event "It (open)"]
[Site "masterchessopen.com Budapest (Hungary)"]
[Round "0"]
[White "Lukacs Peter (HUN)"]
[Black "Hoelzl Franz (AUT)"]
[Result "1-0"]
[WhiteElo "2520"]
[BlackElo "2336"]

1.d4 d5 2.c4 e6 3.Nf3 Nf6 4.Nc3 c6 5.Bg5 dxc4 6.e4 b5 7.a4 Qb6 8.Bxf6 gxf6
9.Be2 a6 10.O-O Ra7 11.b3 b4 12.a5 Qd8 13.Na4 c3 14.Nb6 Nd7 15.Nxc8 Qxc8 16.d5
Nc5 17.Nd4 Rd7 18.Nxc6 Nxe4 19.Bc4 Be7 20.Qh5 exd5 21.Bxd5 Ng5 22.Rae1 c2
23.h4 Rxd5 24.Rxe7+ {#r} 1-0

[Event "It (open) \"]
[Site "masterchessopen.com Chicago (USA)"]
[Round "5"]
[White "Linn G (USA)"]
[Black "Chachere Lawrence (USA)"]
[Result "0-1"]
[WhiteElo "2035"]
[BlackElo "2305"]

1.d4 Nf6 2.c4 e6 3.Nf3 d5 4.Nc3 c6 5.Bg5 dxc4 6.e4 b5 7.e5 h6 8.Bh4 g5 9.Nxg5
hxg5 10.Bxg5 Nbd7 11.Qf3 Bb7 12.exf6 Qb6 13.Qe3 O-O-O 14.Rd1 Bb4 15.a3 Bxc3+
16.Qxc3 c5 17.dxc5 Nxc5 18.Rxd8+ Rxd8 19.Be3 Qd6 20.Qc2 Qe5 21.Bxc4 bxc4
22.Qxc4 Bxg2 {#R} 0-1

[Event "Ch Finland (juniors)"]
[Site "masterchessopen.com Finland"]
[Round "0"]
[White "Virtanen Antti (FIN)"]
[Black "Norri Joose (FIN)"]
[Result "1-0"]
[WhiteElo "2348"]
[BlackElo "2291"]

1.d4 d5 2.Nf3 Nf6 3.c4 c6 4.Nc3 e6 5.Bg5 dxc4 6.a4 Bb4 7.e4 b5 8.e5 h6 9.exf6
hxg5 10.fxg7 Rg8 11.h4 g4 12.Ne5 f5 13.h5 Rxg7 14.Be2 Bb7 15.h6 Rh7 16.Bxg4
Qg5 17.Bh5+ Ke7 18.Qd2 Qxh6 19.Nd5+ cxd5 20.Qxb4+ Kf6 21.Qd6 Qg7 22.Rh3 Qe7
23.Ng4+ {#r} 1-0

[Event "It (open)"]
[Site "masterchessopen.com New York (USA)"]
[Round "0"]
[White "Bonin Jay R (USA)"]
[Black "Weldon Charles (USA)"]
[Result "1-0"]
[WhiteElo "2415"]
[BlackElo "2270"]

1.d4 d5 2.c4 e6 3.Nf3 Nf6 4.Nc3 c6 5.Bg5 dxc4 6.e4 b5 7.e5 h6 8.Bh4 g5 9.Nxg5
hxg5 10.Bxg5 Nbd7 11.g3 Qa5 12.exf6 b4 13.Ne4 Ba6 14.Qf3 O-O-O 15.Bg2 c3
16.bxc3 bxc3 17.Nxc3 Nb8 18.Bd2 Rxd4 19.Rb1 Bb4 20.a3 Qxa3 21.Ne4 Rxe4+
22.Qxe4 Bxd2+ {#r} 1-0

[Event "It"]
[Site "masterchessopen.com Altensteig (Germany)"]
[Round "0"]
[White "Kormanyos Zoltan (HUN)"]
[Black "Dittmar Peter (GER)"]
[Result "1-0"]
[WhiteElo "2314"]
[BlackElo "2305"]

1.d4 d5 2.c4 e6 3.Nf3 c6 4.Nc3 Nf6 5.Bg5 dxc4 6.a4 Bb4 7.e4 Bxc3+ 8.bxc3 Qa5
9.e5 Ne4 10.Bd2 Qd5 11.Qb1 O-O 12.Bxc4 Nxd2 13.Nxd2 Qxg2 14.Ke2 Qg4+ 15.Nf3 f6
16.Rg1 Qh5 17.Qe4 f5 18.Qf4 h6 19.Rg3 Na6 20.Rag1 Rf7 21.Rg6 Kh8 22.Qg3 f4
23.Qg2 Rf5 24.Rxg7 {#r} 1-0

[Event "It (open)"]
[Site "masterchessopen.com Bussum (Netherlands)"]
[Round "0"]
[White "Gouw Carol-Peter (NED)"]
[Black "Wieringa Helmer"]
[Result "0-1"]
[WhiteElo "2096"]
[BlackElo "2130"]

1.d4 d5 2.c4 c6 3.Nf3 e6 4.Nc3 Nf6 5.Bg5 dxc4 6.e4 b5 7.e5 h6 8.Bh4 g5 9.exf6
gxh4 10.Ne5 Qxf6 11.g3 Nd7 12.Qe2 c5 13.Nxb5 cxd4 14.Nc6 Bc5 15.Nc7+ Kf8
16.Bg2 d3 17.Qf3 Bb7 18.Qxf6 Nxf6 19.Nxa8 Bxa8 20.O-O hxg3 21.hxg3 Rg8 22.Kh1
Ng4 23.Kg1 Nxf2 24.Rxf2 Rxg3 25.Kf1 Bxf2 {#R} 0-1

[Event "It (open)"]
[Site "masterchessopen.com Caorle (Italy)"]
[Round "5"]
[White "Pietralunga Nicola (ITA)"]
[Black "Wigmans E"]
[Result "1-0"]
[WhiteElo "2099"]
[BlackElo "2000"]

1.d4 d5 2.c4 c6 3.Nf3 Nf6 4.Nc3 e6 5.Bg5 dxc4 6.a4 Nbd7 7.e4 Be7 8.Bxc4 O-O
9.O-O c5 10.e5 Nd5 11.Nxd5 Bxg5 12.Nxg5 exd5 13.Qh5 h6 14.Nxf7 Nf6 15.exf6
Qxf6 16.Bxd5 {#r} 1-0

[Event "It (open)"]
[Site "masterchessopen.com Dieren (Netherlands)"]
[Round "1"]
[White "Quist Johan (NED)"]
[Black "Thesing Matthias (GER)"]
[Result "1-0"]
[WhiteElo "2310"]
[BlackElo "2404"]

1.Nf3 d5 2.d4 Nf6 3.c4 e6 4.Nc3 c6 5.Bg5 dxc4 6.e4 b5 7.e5 h6 8.Bh4 g5 9.Nxg5
hxg5 10.Bxg5 Nbd7 11.exf6 Bb7 12.g3 c5 13.d5 Bh6 14.Bxh6 Rxh6 15.Qd2 Qxf6
16.O-O-O O-O-O 17.Ne4 Qe5 18.Qxh6 Qxe4 19.dxe6 Qxh1 20.Bh3 Qxd1+ 21.Kxd1 Ne5+
22.Ke2 {#r} 1-0

[Event "It (open)"]
[Site "masterchessopen.com Groningen (Netherlands)"]
[Round "0"]
[White "Vincent Stephane (FRA)"]
[Black "Kuijf Marinus (NED)"]
[Result "0-1"]
[WhiteElo "2231"]
[BlackElo "2420"]

1.d4 d5 2.c4 c6 3.Nf3 Nf6 4.Nc3 e6 5.Bg5 dxc4 6.e4 b5 7.e5 h6 8.Bh4 g5 9.Nxg5
hxg5 10.Bxg5 Nbd7 11.exf6 Bb7 12.Be2 Qc7 13.Qd2 O-O-O 14.O-O-O Qa5 15.Kb1 c5
16.d5 Nb6 17.Bg4 Nxd5 18.Qe2 Qa6 19.Bf3 Nxc3+ 20.bxc3 Bd6 21.h4 Rd7 22.h5 b4
23.cxb4 Bxf3 24.gxf3 Rb7 25.Kc1 Rxb4 26.Bd2 {#R} 0-1

[Event "Ch Hessen (qual) (d)"]
[Site "masterchessopen.com Hessen (Germany)"]
[Round "5"]
[White "Kreiling Carsten (GER)"]
[Black "Neumann Norbert (GER)"]
[Result "0-1"]
[WhiteElo "2105"]
[BlackElo "2144"]

1.d4 Nf6 2.c4 e6 3.Nf3 d5 4.Nc3 c6 5.Bg5 dxc4 6.e4 b5 7.e5 h6 8.Bh4 g5 9.Nxg5
hxg5 10.Bxg5 Nbd7 11.exf6 Bb7 12.g3 Bh6 13.Bxh6 Rxh6 14.Bg2 Qc7 15.Qd2 Rxf6
16.Ne4 Rg6 17.b3 f5 18.Nc5 Nxc5 19.dxc5 Qe5+ {#R} 0-1

[Event "It (open)"]
[Site "masterchessopen.com Joenkoeping (Sweden)"]
[Round "1"]
[White "Thordarson Bjorn"]
[Black "Eriksson Magnus (SWE)"]
[Result "0-1"]
[WhiteElo "1596"]
[BlackElo "2365"]

1.d4 d5 2.c4 e6 3.Nc3 c6 4.Nf3 Nf6 5.Bg5 dxc4 6.e3 b5 7.a4 Bb4 8.Be2 Nbd7
9.axb5 cxb5 10.O-O Qb6 11.Qc2 Bb7 12.b3 O-O 13.bxc4 bxc4 14.Na4 Qc6 15.Qxc4
Qxc4 16.Bxc4 Ne4 17.Rab1 a5 18.Be7 Rfc8 19.Bd3 Bc6 20.Bxb4 axb4 21.Nb2 Nc3
22.Rbc1 Nf6 23.Ne5 Be4 24.Rfe1 Ra2 25.Bxe4 Ne2+ {#R} 0-1

[Event "?"]
[Site "masterchessopen.com URS"]
[Round "0"]
[White "Tolstikh Nikolay (RUS)"]
[Black "Kozlov Vladimir E (RUS)"]
[Result "1-0"]
[WhiteElo "2341"]
[BlackElo "2376"]

1.d4 Nf6 2.c4 e6 3.Nf3 d5 4.Nc3 c6 5.Bg5 dxc4 6.e4 b5 7.e5 h6 8.Bh4 g5 9.Nxg5
hxg5 10.Bxg5 Nbd7 11.exf6 Bb7 12.g3 c5 13.d5 Qb6 14.Bg2 O-O-O 15.O-O b4 16.Na4
Qb5 17.a3 Nb8 18.axb4 cxb4 19.Qg4 Bxd5 20.Rfc1 Qd7 21.Rxc4+ Bxc4 22.Qxc4+ Qc7
23.Nb6+ axb6 24.Bb7+ Kxb7 25.Ra7+ Kxa7 26.Qxc7+ {#r} 1-0

[Event "Cup Tungsram"]
[Site "masterchessopen.com Nagykanizsa (Hungary)"]
[Round "5"]
[White "Fauland Alexander (AUT)"]
[Black "Orso Miklos (HUN)"]
[Result "1-0"]
[WhiteElo "2452"]
[BlackElo "2363"]

1.d4 Nf6 2.Nf3 e6 3.c4 c6 4.Nc3 d5 5.Bg5 dxc4 6.e4 b5 7.e5 h6 8.Bh4 g5 9.exf6
gxh4 10.Ne5 Qxf6 11.a4 Bb4 12.Be2 Bb7 13.Bf3 Qe7 14.O-O a6 15.Re1 Bxc3 16.bxc3
O-O 17.Qd2 Kg7 18.Re4 f5 19.Ree1 Rd8 20.axb5 cxb5 21.Bxb7 Qxb7 22.Ng4 Rh8
23.Rxe6 fxg4 24.Qf4 {#r} 1-0

[Event "It (open)"]
[Site "masterchessopen.com Bled (Slovenia)"]
[Round "0"]
[White "Gostisa Leon (SLO)"]
[Black "Doric Nenad (CRO)"]
[Result "1-0"]
[WhiteElo "2420"]
[BlackElo "2332"]

1.d4 d5 2.c4 c6 3.Nf3 Nf6 4.Nc3 e6 5.Bg5 dxc4 6.e4 b5 7.e5 h6 8.Bh4 g5 9.exf6
gxh4 10.a4 Bb4 11.Ne5 Qxf6 12.Be2 c5 13.Bf3 cxd4 14.Qxd4 Nd7 15.Bc6 Rb8
16.O-O-O Ke7 17.Nxd7 Bxd7 18.Qxf6+ Kxf6 19.Rxd7 Bxc3 20.bxc3 Rb6 21.Bxb5 Rhb8
22.Rxa7 {#r} 1-0

[Event "It (open) \"]
[Site "masterchessopen.com Budapest (Hungary)"]
[Round "0"]
[White "Gostisa Leon (SLO)"]
[Black "Tabor Jozsef (HUN)"]
[Result "1-0"]
[WhiteElo "2420"]
[BlackElo "2154"]

1.d4 Nf6 2.Nf3 d5 3.c4 c6 4.Nc3 e6 5.Bg5 dxc4 6.e4 b5 7.e5 h6 8.Bh4 g5 9.exf6
gxh4 10.a4 Bb4 11.Ne5 Qxf6 12.Be2 a5 13.Bf3 Ra6 14.O-O Rb6 15.Re1 Kf8 16.Bh5
Rh7 17.Ne4 Qd8 18.Bxf7 Rxf7 19.Qh5 Rbb7 20.Qxh6+ Ke8 21.Re3 Qxd4 22.Qh8+ Rf8
23.Qh5+ Kd8 24.Rd1 c5 25.Nxc5 Bxc5 26.Rxd4+ {#r} 1-0